Lonely Planet top places to go in 2024 - Statistics

General Stats
  • This quiz has been taken 538 times
  • The average score is 11 of 30
Answer Stats
Hint Answer % Correct
City (Czech Republic) Prague
71%
Country (Africa) Morocco
69%
City (France) Paris
66%
City (Kenya) Nairobi
65%
City (Indonesia) Jakarta
61%
City (Canada) Montreal
58%
Country (Americas) Mexico
57%
Region (GB) Far North Scotland
51%
Region (Italy) Tuscany
50%
City (Turkey) Izmir
49%
Country (Asia) India
47%
Region (SE Asia) Southern Thailand
44%
Country (Americas) Chile
42%
Region (Europe - several countries) Western Balkans Trans Dinarica Cycling Route
40%
City (US East Coast) Philadelphia
36%
Country (Europe) Croatia
35%
City (Brazil) Manaus
31%
Country (Asia) Mongolia
29%
City (Bosnia) Mostar
27%
City (US Midwest) Kansas City
25%
Country (Asia) Pakistan
25%
Country (Asia) Uzbekistan
23%
Country (Africa) Benin
21%
Region (US state) Montana
21%
Country (Island) St Lucia
18%
Region (Australian island) Kangaroo Island
9%
Region (Ireland) Donegal
8%
Region (East Africa) Swahili Coast
5%
Region (Spain) Pais Vasco
4%
Region (Austria) Saalfelden Leogang
3%
No matching quizzes found
Score Distribution
Percent of People with Each Score
Percentile by Number Answered
Your Score History
You have not taken this quiz